Deadliest wars the Dutch won - Statistics

General Stats
  • This quiz has been taken 16 times
  • The average score is 2 of 21
Answer Stats
Deaths Answer % Correct
73.000.000 World War II
100%
~300.000 Eighty Years War
25%
25.000.000 Ming-Qing-Transition
6%
70.000 Second Anglo Dutch War
6%
120.000 War of the Fifth Coalition
6%
776.000 War of the First Coalition
6%
~600.000 War of the Fourth Coalition
6%
325.000 War of the Second Coalition
6%
~50.000 War of the Seventh Coalition
6%
1.136.000 War of the Sixth Coalition
6%
~200.000 War of the Third Coalition
6%
117.000 Aceh War
0%
250.000 American Revolutionary War
0%
342.000 Franco-Dutch War
0%
~121.000 Indonesian National Revolution
0%
150.000 Iraq War
0%
2.500.000 Korean War
0%
680.000 Nine Years' war
0%
750.000 War of the Austrian Succession
0%
1.200.000 War of the quadruple alliance
0%
1.251.000 War of the Spanish Succession
0%
No matching quizzes found
Score Distribution
Percent of People with Each Score
Percentile by Number Answered
Your Score History
You have not taken this quiz